Statistiques concernant Albums par cover - rap français #3

Cliquez ici pour prendre le quiz!

Statistiques générales

  • Ce quiz a été pris 691 fois
  • Le résultat moyen est 8 sur 20

Statistiques - réponses

Réponse% Correct
Cyborg
83%
Une main lave l'autre
81%
Adios Bahamas
74%
Néro nemesis
67%
ERRR
65%
Projet Blue Beam
64%
XEU
61%
Taciturne
48%
Fenêtre sur rue
46%
Le bruit de mon âme
38%
Émotions
34%
Corleone
30%
Land
22%
MHD
18%
La Banquise
11%
Special
11%
Stone
9%
Fantôme
8%
Le Cactus de Sibérie
8%
Où je vis
6%

Distribution des résultats

Percentile par nombre de réponses

% des personnes avec chaque résultat

Votre développement - résultats

Vous n’avez pas pris ce quiz